书目信息 |
| 题名: |
压抑的女性:女性抑郁与心理调节
|
|
| 作者: | DANA CROWLEY JACK 著 | |
| 分册: | ||
| 出版信息: | 北京 中国轻工业出版社 2000.01 |
|
| 页数: | 241页 | |
| 开本: | 32开 | |
| 丛书名: | ||
| 单 册: | ||
| 中图分类: | R749.4-49 | |
| 科图分类: | ||
| 主题词: | 精神病学 | |
| 电子资源: | ||
| ISBN: | 7-5019-2717-0 | |
| 000 | 00595nam0 2200181 45 | |
| 001 | 0009281843 | |
| 005 | 20000928180626.4 | |
| 010 | @a7-5019-2717-0@d14.00元 | |
| 100 | @a20000928d2000 km y0chiy0120 ea | |
| 101 | 0 | @achi |
| 200 | 1 | @a压抑的女性:女性抑郁与心理调节@AYa Yi De Nu Xing:Nu Xing Yi Yu Yu Xin Li Diao Jie@f(美)DANA CROWLEY JACK 著@F(Mei)DANA CROWLEY JACK Zhu |
| 210 | @a北京@c中国轻工业出版社@d2000.01 | |
| 215 | @a241页@d32开 | |
| 606 | 0 | @a精神病学 |
| 690 | @aR749.4-49@v3 | |
| 701 | 0 | @aDANA CROWLEY JACK@4著 |
| 801 | @aCN@bPftUser@c20000928 | |
| 905 | @b158082-084@dR749.4-49@eZH346@f3 | |
| 压抑的女性:女性抑郁与心理调节/(美)DANA CROWLEY JACK 著.-北京:中国轻工业出版社,2000.01 |
| 241页;32开 |
| ISBN 7-5019-2717-0:14.00元 |
| ● |
| 相关链接 |
|
|
|
正题名:压抑的女性:女性抑郁与心理调节
索取号:R749.4-49/ZH346
 
预约/预借
| 序号 | 登录号 | 条形码 | 馆藏地/架位号 | 状态 | 备注 |
| 1 | 158028 | 201580280 | 自科库401/401自科库 40排4列2层/ [索取号:R749.4-49/ZH346] | 在馆 | |
| 2 | 158029 | 201580299 | 自科库401/ [索取号:R749.4-49/ZH346] | 在馆 | |
| 3 | 158030 | 201580306 | 自科库401/401自科库 21排3列2层/ [索取号:R749.4-49/ZH346] | 在馆 |